|
|
|
|
| LEADER |
00000nam2a2200000 4500 |
| 001 |
118940 |
| 005 |
20231031124352.0 |
| 035 |
|
|
|a (RuTPU)RU\TPU\book\128710
|
| 090 |
|
|
|a 118940
|
| 100 |
|
|
|a 20070620d1963 k y0rusy50 ca
|
| 101 |
0 |
|
|a rus
|
| 102 |
|
|
|a RU
|
| 105 |
|
|
|a y z 101zy
|
| 200 |
0 |
|
|a Вып. 1
|
| 210 |
|
|
|d 1963
|
| 215 |
|
|
|a 150 с.
|
| 320 |
|
|
|a Библиография в конце статей
|
| 461 |
|
1 |
|0 (RuTPU)RU\TPU\book\168745
|t Сборник тезисов докладов первой научной сессии вузов, объединенных Западно-Сибирским советом по координации научно-исследовательской работы (19-23 февраля 1963 г.)
|o в 3 вып.
|f СССР, Министерство высшего и среднего специального образования ; гл. ред. К. В. Савицкий
|v Вып. 1
|d 1963
|
| 610 |
1 |
|
|a сборники
|
| 610 |
1 |
|
|a высшее образование
|
| 610 |
1 |
|
|a научно-исследовательские работы
|
| 610 |
1 |
|
|a вузы
|
| 610 |
1 |
|
|a Западно-Сибирский совет
|
| 610 |
1 |
|
|a физика
|
| 610 |
1 |
|
|a математика
|
| 610 |
1 |
|
|a механика
|
| 610 |
1 |
|
|a геология
|
| 610 |
1 |
|
|a география
|
| 610 |
1 |
|
|a строительство
|
| 610 |
1 |
|
|a архитектура
|
| 610 |
1 |
|
|a труды учёных ТПУ
|
| 675 |
|
|
|a 6.001.5(063)
|v 3
|
| 675 |
|
|
|a 6.022(063)
|v 3
|
| 801 |
|
1 |
|a RU
|b 63413507
|c 20070620
|g PSBO
|
| 801 |
|
2 |
|a RU
|b 63413507
|c 20140703
|g PSBO
|
| 942 |
|
|
|c BK
|